000 00752nam a2200229 i 4500
001 175645
003 ES-MaACL
005 20250808001334.0
007 t|
008 101115s1980 sp r ||||1| spa d
020 _a84-220-0968-4
080 _a27-583
100 1 _aPironio, Eduardo F.
_992349
245 1 0 _aQueremos ver a Jesús
_b: (Retiro en el Vaticano, 1974) /
_cpor Eduardo F. Pironio.
260 _aMadrid :
_bLa Editorial Católica,
_c1980.
300 _aXV, 306 p. ;
_c18 cm.
490 1 _aBiblioteca de autores cristianos. Serie Minor ;
_v61
650 0 4 _aMeditaciones.
_914983
830 0 0 _aBiblioteca de autores cristianos.
_pMinor
_v61
_9189814
852 _aES-MaACL
_jE-13519
_xOlim P-1255
999 _c175645
_d175645